000 00785nam a2200241 a 4500
008
049 _aMAIN
090 _aTK7871.99.M44
_bJOK
100 1 _aJokonya. Chipo.
245 1 0 _aAn assessment of the readiness for 5g technologies in zimbabwe/
_cChipo Jokonya.
260 _aBulawayo :
_bNUST,
_c2018.
300 _aviii, 90 p. :
_bill. ;
_c30 cm.
504 _aIncludes bibliographical references.
500 _aDissertation (MSc)---NUST, 2018.
650 _aWirelesss communication systems.
650 1 _a5g Technologies.
700 _aNUST.
_bDept. of Computer Science.
_tDissertation.
907 _a.b10395817
_b23-01-19
_c18-12-18
003
005 20230123141133.0
040 _cNUST
942 _cBOOKS
_kTK7871.99.M44
_mJOK
999 _c168326
_d168326